00789cam a22002293a 450000100060000000300060000600500170001200800410002904000150007004200070008505000070009210000460009924501730014526000290031850600300034751600200037765300360039765300120043370000430044583000290048885600420051739868PGUSA20140828083904.0120531s2012||||xxu|||||s|||||000 1 eng d aPGUSAbeng adc 4aPZ1 aBaum, L. Frankq(Lyman Frank),d1856-191910aGlinda of Oz :bIn which are Related the Exciting Experiences of Princess Ozma of Oz, and Dorothy, in their Hazardous Journey...h[electronic resource] /cL. Frank Baum bProject Gutenberg,c2012 aPublic domain in the USA. aElectronic text aOz (Imaginary place) -- Fiction aFantasy1 aNeill, John R.q(John Rea),d1877-1943 0aProject Gutenbergv3986840uhttp://www.gutenberg.org/ebooks/39868